00700nam a2200217Ia 450000500170000000800410001702000240005804000190008204100120010108200150011310000220012824501010015026000510025130000150030265000120031765100170032985000100034694200070035699900170036395201020038020240803084658.0131103s9999 xx 000 0 und d a8185579652cRs.1150 aLoreto College aEnglish a915.4bMAN aMandal, Hrisikesh aIndiab An illustrated atlas of tribal World cHrisikesh Mandal, Sumit Mukherjee & Archana Datta aCalcuttabAnthopological Survey of Indiac2002 aiii,106p.. aHistory aTribal World aLCLIB cBK c23145d73624 00102ddc4070aMAINbMAINd2013-11-04l0o915.4 MAN 43152pB25750r2013-11-04w2013-11-04yBKf